| 000 | 01862cam a22001934a 4500 | ||
|---|---|---|---|
| 005 | 20250605164142.0 | ||
| 008 | 250528s ||||||||||||||||||||||||d | ||
| 035 | _a18997 | ||
| 020 | _a9600209480 | ||
| 040 |
_aGR-AtMCL _bgre _dGR-AtMCL _eAACR2 |
||
| 245 | 1 | _aΗ Μικρή Χρηματοοικονομική Λογιστική / Βιβλιοθήκη των Επιχειρήσεων | |
| 260 |
_bΕπιμορφωτικές Εκδόσεις Παπαζήση, _c1992 |
||
| 300 | _a336 | ||
| 520 | _aΛίγη θεωρία και πολλές ασκήσεις λυμένες - Για στελέχη μικρομεσαίων επιχειρήσεων - Για τους φοιτητές και τους σπουδαστές των Α.Ε.Ι. και των Τ.Ε.Ι. - των ελεύθερων εργαστηρίων λογιστικής, Για το λογιστή. Πρόλογος του Εκδότη, Γενική Εισαγωγή στον Κόσμο των Εκμισθώσεων και των Επιχειρήσεων, Γενική Εισαγωγή στον Κόσμο της Λογιστικής, Η Λογιστική και τα Οικονομικά Γεγονότα, Απογραφή, Ο Ισολογισμός, Η Κυκλοφορία της Περιουσίας, Η Δυναμική Λογιστική, Οι Λογαριασμοί, Οι Βασικές Λογιστικές Αρχές, Οι Λογαριασμοί από Άποψη Περιεχομένου, Βιβλιογραφική Υπόδειξη, Μισθοδοτική Κατάσταση, Λογιστικά Βιβλία Επιτηδευματιών και Επιχειρήσεων, Σχέδιο Λογαριασμών Επιχείρησης, Κατ' Επιλογή Βιβλιογραφία. | ||
| 700 | 1 |
_aΝτομαλη Γιαννη _95277 |
|
| 942 | _cBK | ||
| 999 |
_c4288 _d4288 |
||